000 00434nam a2200181Ia 4500
001 20329
005 20260306172758.0
008 260306t2007||||xx |||||||||||||| ||spa||
041 _aESP
082 _a343.2
_bC11
100 _aChanamé Orbe, Raúl
_eAUT
245 0 _aLa constitución política comentada
260 _c2007
300 _a589 páginas :
_c24 cm.
650 _aGEN
654 _aCDE
942 _cLIB
_dJUS
_fJUS
_2ddc
_n
999 _c20329
_d20329